000 00501nam a2200157 4500
001 114204
003 ES-MaACL
005 20230906190111.0
007 t|
008 061121s1922 sp r ||||1| spa d
100 1 _aNourrisson, Jean Félix.
_986038
245 1 0 _aHistoria de los progresos del pensamiento humano de Bacon a nuestros días /
_cJean Félix Nourrisson.
260 _aMadrid :
_b[s.n.],
_c1922 (
_fImp. de Gabriel L. Horno)
300 _a2 t. ;
_c23 cm.
852 _aES-MaACL
_jF-14756-57
999 _c114204
_d114204